UBT Library

HUMAN ANATOMY PHYSIOLOGY (Record no. 60025)

000 -LEADER
fixed length control field 00334nam a22001457a 4500
008 - FIXED-LENGTH DATA ELEMENTS--GENERAL INFORMATION
fixed length control field 230622b ||||| |||| 00| 0 eng d
020 ## - INTERNATIONAL STANDARD BOOK NUMBER
International Standard Book Number 9780134580999
041 ## - LANGUAGE CODE
Language code of text/sound track or separate title eng
080 ## - UNIVERSAL DECIMAL CLASSIFICATION NUMBER
Edition identifier ELEVENTH EDITION
Universal Decimal Classification number 611
082 ## - DEWEY DECIMAL CLASSIFICATION NUMBER
Classification number 611HOE
100 ## - Rafti
Rafti 11
101 ## - Shkurtesa
Shkurtesa ANAT
245 ## - TITLE STATEMENT
Title HUMAN ANATOMY PHYSIOLOGY
Statement of responsibility, etc HOEHN .K
942 ## - ADDED ENTRY ELEMENTS (KOHA)
Source of classification or shelving scheme
Item type Books
Holdings
Withdrawn status Lost status Source of classification or shelving scheme Damaged status Not for loan Collection code Permanent location Current location Date acquired Total Checkouts Full call number Barcode Date last seen Price effective from Koha item type
          Koleksioni i përgjithshem UBT - Lipjan UBT - Lipjan 06/22/2023   611HOE 002-800080660 06/22/2023 06/22/2023 Books
UBT Library © 2015-2024. All rights reserved University Education for Business and Technology